Music Quiz

Random Music or Puzzle Quiz

Pictorial Song Titles Quiz Stats

 Plays Quiz not verified by Sporcle

Score 0/20 Timer 08:00
0 Plays Today
# Song Title % Correct
2No Scrubs by TLC
79.3%
15Umbrella by Rihanna
65.9%
16Blowin' In The Wind by Bob Dylan
56%
19When Doves Cry by Prince
49%
1Money For Nothing by Dire Straits
46.5%
8Strawberry Fields Forever by The Beatles
43%
4Seasons in the Sun by Terry Jacks
41.4%
7Dirty Little Secret by The All-American Rejects
40.1%
3Higher Love by Steve Winwood
38.9%
5Under the Boardwalk by The Drifters
36.6%
# Song Title % Correct
14Blame It On The Rain by Milli Vanilli
28%
20Where The Streets Have No Name by U2
22.3%
11Stereo Hearts by Gym Class Heroes
21%
6Nothing Compares 2 U by Sinead O' Connor
19.4%
10Sara Smile by Hall & Oates
12.4%
18Crimson & Clover by Tommy James and the Shondells
9.9%
17Running Bear by Johnny Preston
8.6%
9Don't Dream It's Over by Crowded House
6.1%
13Runaround Sue by Dion
5.7%
12More Than Words by Extreme
2.9%

You're not logged in!

Compare scores with friends on all Sporcle quizzes.
OR
Log In

Show Comments

Extras

Top Quizzes Today


Score Distribution

Your Account Isn't Verified!

In order to create a playlist on Sporcle, you need to verify the email address you used during registration. Go to your Sporcle Settings to finish the process.

Report this User

Report this user for behavior that violates our Community Guidelines.

Details: